El misterio de Navidad / (Record no. 127558)

MARC details
000 -CABECERA
campo de control de longitud fija 00658nam a2200205 u 4500
005 - FECHA Y HORA DE LA ÚLTIMA TRANSACCIÓN
campo de control 20210223130427.0
008 - ELEMENTOS DE LONGITUD FIJA--INFORMACIÓN GENERAL
campo de control de longitud fija 080414s2005 es r 000 0 spa d
020 ## - NÚMERO INTERNACIONAL NORMALIZADO PARA LIBROS
Número Internacional Estándar del Libro 8478449175
035 ## - NÚMERO DE CONTROL DEL SISTEMA
Número de control de sistema UPN01000155443
049 ## - COLECCIÓN
Colección CG
050 #4 - SIGNATURA TOPOGRÁFICA DE LA BIBLIOTECA DEL CONGRESO
Número de clasificación PT8951.17 A1.7
Número de documento/Ítem M5.7
100 1# - ASIENTO PRINCIPAL--NOMBRE PERSONAL
Nombre de persona Gaarder, Jostein,
Fechas asociadas al nombre 1952-
9 (RLIN) 28204
245 13 - MENCIÓN DE TÍTULO
Título El misterio de Navidad /
Mención de responsabilidad, etc. Jostein Gaarder ; tr. del noruego Kirsti Baggethun ; il. de Jesús Gabán.
260 ## - PUBLICACIÓN, DISTRIBUCIÓN, ETC.
Lugar de publicación, distribución, etc. Madrid :
Nombre del editor, distribuidor, etc. Siruela,
Fecha de publicación, distribución, etc. c2005.
300 ## - DESCRIPCIÓN FÍSICA
Extensión 219 p. :
Otras características físicas il.
440 #4 - MENCIÓN DE SERIE/ASIENTO SECUNDARIO--TÍTULO
Título Las tres edades.
Nombre de parte o sección de la obra Biblioteca Gaarder ;
Designación de volumen o secuencia 7
534 ## - NOTA SOBRE LA VERSIÓN ORIGINAL
Frase introductoria Título original:
Mención de título del original Julemysteriet
650 #4 - ASIENTO SECUNDARIO DE MATERIA - TERMINO TEMATICO
Término de materia o nombre geográfico como elemento de entrada NOVELA NORUEGA
9 (RLIN) 10825
905 ## - TIPO DE MATERIAL
Tipo de material Libro
Holdings
Estado de retiro Estado de pérdida Fuente del sistema de clasificación o colocación Estado dañado No para préstamo Código de colección Localización permanente Ubicación/localización actual Ubicación en estantería Fecha de adquisición Total de préstamos Clasificación Código de barras Fecha visto por última vez Tipo de ítem Koha Número de copia Precio válido a partir de
    Library of Congress Classification     Colección General Bib. Gregorio Torres Quintero Bib. Gregorio Torres Quintero Planta baja 05/09/2022 5 PT8951.17 A1.7 M5.7 255718 31/12/2020 Libro    
    Library of Congress Classification       Bib. Gregorio Torres Quintero Bib. Gregorio Torres Quintero   05/09/2022   PT8951.17 A1.7 M5.7 AP748 05/09/2022 Libro Ej.2 05/09/2022